00526nam a2200169Ia 450000500170000000800410001704000190005804100120007708200160008910000200010524501400012526000260026530000110029150400190030270000240032185000110034520230921094741.0131103s9999 xx 000 0 und d aLoreto College aEnglish a292.65bELI aEliade, Mircea  aMyths Dreams and Mysteriesb the encounter between contemporary faiths and archaic reality cMircea Eliade; translated by Philip Mairet aLondonbCollinsc1968 a256p.  aIncludes index aMairet, Philip; tr. aLCLIB